000 00269nam a22001337a 4500
008 181102b xxu||||| |||| 00| 0 eng d
020 _a0070536287
041 _aeng
080 _a101
100 _a24
101 _aFIL
245 _aLOGIC
_cNolt,J
942 _2udc
_cBK
999 _c51728
_d51728